000 00346nam a2200145 i 4500
001 bg
100 1 _aDAY, William Allan
245 0 _aTermodinamika prostych sred s pamjat'ju /
_cWilliam Allan Day.
260 _aMoskva,
_c1974.
040 _cBPK
041 _apol
080 _a536
942 _cKS
008 s pl f |000 0 pol
999 _c26772
_d26772